00886nam a2200205 a 450000100100000000500170001000800410002702000150006810000290008324502040011226000720031630000210038849000350040950000320044450000730047650400190054971000640056883000350063204000130066700003921420201002031540.0130611s1997 sp 000 0 spa d a84000766481 aVicente Niclós, José13aSSem Tob Ibn SSaprut :"la piedra de toque" (Eben Bohan) :buna obra de controversia judeo-cristiana : introducción, edición crítica, traducción y notas al libro I. /cJosé Vicente Niclós. aMadrid :bConsejo Superior de Investigaciones Científicas,c1997. a474 p. ;c26 cm.1 aBiblioteca hispana biblicav16 aTexto en español y hebreo aIncluye referencias bibliográficas y notas al pie de las páginas aBibliografía2 aConsejo Superior de Investigaciones Científicas (Espanya) 0aBiblioteca hispana biblicav16 aDO-SdBNP